LEADER 05956 am 22006853u 450 001 9910366659003321 005 20230125193321.0 010 $a3-030-24564-0 024 7 $a10.1007/978-3-030-24564-1 035 $a(CKB)5280000000190082 035 $a(OAPEN)1007054 035 $a(MiAaPQ)EBC5989338 035 $a(DE-He213)978-3-030-24564-1 035 $a(Au-PeEL)EBL5989338 035 $a(OCoLC)1133059786 035 $a(oapen)https://directory.doabooks.org/handle/20.500.12854/37258 035 $a(PPN)242818897 035 $a(EXLCZ)995280000000190082 100 $a20191203d2020 u| 0 101 0 $aeng 135 $auuuuu---auuuu 181 $ctxt$2rdacontent 182 $cc$2rdamedia 183 $acr$2rdacarrier 200 10$aInterdisciplinary Insights for Digital Touch Communication$b[electronic resource] /$fby Carey Jewitt, Sara Price, Kerstin Leder Mackley, Nikoleta Yiannoutsou, Douglas Atkinson 205 $a1st ed. 2020. 210 $aCham$cSpringer Nature$d2020 210 1$aCham :$cSpringer International Publishing :$cImprint: Springer,$d2020. 215 $a1 online resource (131) 225 1 $aSpringerBriefs in Human-Computer Interaction,$x2520-1670 311 $a3-030-24566-7 311 $a3-030-24563-2 327 $aIntroduction Digital Touch Communication -- Introduction -- Touch matters -- Digital Touch -- Situating this Book: A Social Revaluing of the Sensory and Multimodal -- InTouch Digital Touch Communication -- Overview of the Book -- In-Touch Case Studies -- In Touch with Baby -- The Art of Remote Contact -- Tactile Emoticon -- Designing Digital Touch -- Virtual Touch -- Interdisciplinary Collaborations to Explore Touch -- Introduction -- Interdisciplinary Dialogues of Digital Touch Communication -- Prototyping -- Conclusion -- The landscape of digital touch communication -- Introduction -- Affective and Social Robot Touch -- Human-Object Touch Communication -- Object/Textile Handling -- Education and Training -- Disability and Rehabilitation -- Conclusion -- Social Norms of Touch -- Introduction -- Technology and Changing Social Norms -- Digital Touch and Social Norms -- Touching the body -- Digital Touching -- Conclusion -- Touch presence, absence and connection -- Introduction -- Tactile Emoticon -- Beyond the Interface -- Remote Contact -- Touch Connection as a Bodily Way of Knowing -- In Touch with Baby -- Conclusion -- Sociotechnical Imaginaries of Digital Touch -- Introduction -- The Sociotechnical Imaginary as a Design Resource -- Body -- Time -- Place and Spatiality -- New Methodological Routes to Imagining Digital Touch Futures Conclusion -- Digital Touch Ethics and Values -- Introduction -- What is Ethical Touch? -- Touch, Body and ?Machine? -- A Note on Study -- Ethics -- Conclusion -- Closing Thoughts, Insights and Research and Design Resources for Digital Touch Communication -- A Social Perspective on Digital Touch -- Insights for digital touch communication -- Social Norms and Digital Touch -- Touch Connections -- Sociotechnical Imaginaries of Digital Touch The Ethics of Touch -- Methodologies for Digital Touch -- An Emergent Research and Design Framework for Digital Touch Communication. . 330 $aCommunication is increasingly moving beyond ?ways of seeing? to ?ways of feeling?. This Open Access book provides social design insights and implications for HCI research and design exploring digitally mediated touch communication. It offers a socially orientated map to help navigate the complex social landscape of digitally mediated touch for communication: from everyday touch-screens, tangibles, wearables, haptics for virtual reality, to the tactile internet of skin. Drawing on literature reviews, new case-study vignettes, and exemplars of digital touch, the book examines the major social debates provoked by digital touch, and investigates social themes central to the communicative potential and societal consequences of digital touch: · Communication environments, capacities and practices · Norms associations and expectations · Presence, absence and connection · Social imaginaries of digital touch · Digital touch ethics and values The book concludes with a discussion of the significance of social understanding and methods in the context of Interdisciplinary collaborations to explore touch, towards the design of digital touch communication, ?ways of feeling?, that are useable, appropriate, ethical and socially aware. 410 0$aSpringerBriefs in Human-Computer Interaction,$x2520-1670 606 $aUser interfaces (Computer systems) 606 $aTechnology?Sociological aspects 606 $aUser Interfaces and Human Computer Interaction$3https://scigraph.springernature.com/ontologies/product-market-codes/I18067 606 $aScience and Technology Studies$3https://scigraph.springernature.com/ontologies/product-market-codes/X22270 610 $aComputer science 610 $aUser interfaces (Computer systems) 610 $aTechnology?Sociological aspects 615 0$aUser interfaces (Computer systems). 615 0$aTechnology?Sociological aspects. 615 14$aUser Interfaces and Human Computer Interaction. 615 24$aScience and Technology Studies. 676 $a005.437 676 $a4.019 700 $aJewitt$b Carey$4aut$4http://id.loc.gov/vocabulary/relators/aut$0923828 702 $aPrice$b Sara$4aut$4http://id.loc.gov/vocabulary/relators/aut 702 $aLeder Mackley$b Kerstin$4aut$4http://id.loc.gov/vocabulary/relators/aut 702 $aYiannoutsou$b Nikoleta$4aut$4http://id.loc.gov/vocabulary/relators/aut 702 $aAtkinson$b Douglas$4aut$4http://id.loc.gov/vocabulary/relators/aut 801 0$bMiAaPQ 801 1$bMiAaPQ 801 2$bMiAaPQ 906 $aBOOK 912 $a9910366659003321 996 $aInterdisciplinary Insights for Digital Touch Communication$92073233 997 $aUNINA LEADER 01918nam 2200517I 450 001 9910705789603321 005 20170612111142.0 035 $a(CKB)5470000002452507 035 $a(OCoLC)989874384 035 $a(EXLCZ)995470000002452507 100 $a20170612j201612 ua 0 101 0 $aeng 135 $aurcn||||||||| 181 $ctxt$2rdacontent 182 $cc$2rdamedia 183 $acr$2rdacarrier 200 10$aPassive rocket diffuser testing $ereacting flow performance of four second-throat geometries /$fDaniel R. Jones, Daniel C. Allgood, Grady P. Saunders 210 1$a[Stennis Space Center, Mississippi] :$cNational Aeronautics and Space Administration, [Stennis Space Center],$dDecember 2016. 215 $a1 online resource (26 pages) $ccolor illustrations 225 1 $aNASA technical memorandum ;$v2016-219221 300 $a"December 2016." 300 $a"The experimentation presented in this paper was carried out at SSC between May and August 2015" Page 3. 320 $aIncludes bibliographical references (pages 25-26). 517 $aPassive rocket diffuser testing 606 $aBoundary layer separation$2nasat 606 $aComputational fluid dynamics$2nasat 606 $aFlow distribution$2nasat 606 $aPressure effects$2nasat 606 $aPressure measurement$2nasat 606 $aRocket engines$2nasat 615 7$aBoundary layer separation. 615 7$aComputational fluid dynamics. 615 7$aFlow distribution. 615 7$aPressure effects. 615 7$aPressure measurement. 615 7$aRocket engines. 700 $aJones$b Daniel R.$01411498 702 $aAllgood$b Daniel C. 702 $aSaunders$b Grady P. 712 02$aJohn C. Stennis Space Center, 801 0$bGPO 801 1$bGPO 906 $aBOOK 912 $a9910705789603321 996 $aPassive rocket diffuser testing$93502901 997 $aUNINA